|
|
|
|
| LEADER |
00000nab a2200000 4500 |
| 001 |
vtls012230056 |
| 003 |
SK-MaSNL |
| 005 |
20260304233831.0 |
| 008 |
230522c2023 xo br|p || ||00 c0ukr |
| 015 |
|
|
|a SNBRB2023/05
|
| 038 |
|
|
|a SVKPOCL
|
| 040 |
|
|
|a SVKPOCL
|b slo
|c SVKPOCL
|e rda
|
| 041 |
0 |
|
|a ukr
|
| 044 |
|
|
|a xo
|c SK
|
| 072 |
|
7 |
|a 821.161
|x Východoslovanské literatúry
|2 konspekt
|
| 080 |
|
|
|a 821.161.2-1
|2 2011
|
| 080 |
|
|
|a 821.161.2-14
|2 2011
|
| 080 |
|
|
|a (477)
|2 2011
|
| 100 |
1 |
|
|a Malyško, Andrij Samijlovyč,
|d 1912-1970
|4 aut
|9 1089224
|
| 245 |
1 |
0 |
|a Sotennyj spartan
|b poema
|c Andrij Malyško
|
| 300 |
|
|
|b Fotografie
|
| 336 |
|
|
|a text
|b txt
|2 rdacontent
|
| 337 |
|
|
|a bez média
|b n
|2 rdamedia
|
| 338 |
|
|
|a zväzok
|b nc
|2 rdacarrier
|
| 500 |
|
|
|a Malyško, Andrij pozri Malyško, Andrij Samijlovyč
|
| 650 |
0 |
7 |
|a ukrajinské básne
|2 svkpocl
|9 857154
|
| 650 |
0 |
7 |
|a ukrajinská poézia
|2 SNKPH
|9 59029
|
| 650 |
0 |
7 |
|a ukrajinské poémy
|2 svkpocl
|9 1569999
|
| 650 |
0 |
7 |
|a poémy
|2 SNKPH
|9 1629
|
| 651 |
|
7 |
|a Konča-Ozerna (Ukrajina)
|2 svkpocl
|9 1255625
|
| 651 |
|
7 |
|a Huščanky (Ukrajina)
|2 svkpocl
|9 1570000
|
| 651 |
|
7 |
|a Ľvov (Ukrajina)
|2 SNKPH
|9 29383
|
| 773 |
0 |
|
|t Duklja
|g Rik vydannja 71, № 2 (2023), s. 2-21
|x 0419-8131
|
| 852 |
|
|
|a SVKPO
|b KIS3GCP
|
| 958 |
|
|
|a SS
|
| 958 |
|
|
|a UA
|
| 958 |
|
|
|a LX
|
| 958 |
|
|
|a NM
|
| 999 |
|
|
|c 3200393
|d 3202323
|